000 00728nam a2200193 i 4500
001 50322
003 ES-MaACL
007 t|
008 030804s1910 sp ||||1| spa d
100 1 _aCueto, Ramón del.
_942078
245 1 3 _aLa minería en Galicia (Lugo y La Coruña) /
_cRamón del Cueto y Antonio Mª de Irimo.
260 _aLa Coruña :
_b[s.n.,
_c1910] (
_fImp. F. García Ibarra)
300 _aXIII, 137 p., 16 lám. :
_b1 map. ;
_c24 cm.
500 _aPrecede al tít.: Consejo Provincial de Industria y Comercio.
700 1 _aIrimo, Antonio María de.
_965473
710 2 _aConsejo Provincial de Agricultura, Industria y Comercio de La Coruña
_9154900
852 _aES-MaACL
_jG-15226
999 _c50322
_d50322